000 00394nam a2200157Ia 4500
008 210707s1984 xx 000 0 und d
041 _aeng
082 _a541.3 LIPM
100 _aLIPTROT (G F) & others
245 _aModern physical chemistry.
260 _aLondon
_bE L B S
_c1984
300 _aviiii,471 p
563 _aPB
650 _aPhysical Chemistry
906 _aPhysical Chemistry
999 _c180412
_d180412